000
002940000a22001330004500
003
MACL
040
_a
MACL
090
_c
32572
_d
32570
100
_a
Spevak, Peter A
245
_a
Empowering Underachievers
260
_b
Magna Publishing
_c
2000
650
_a
Education
942
_c
BOOK
_k
371.28/Spe
999
_c
32239
_d
32239